000 00525nam a2200193Ia 4500
999 _c9394
_d9394
003 OSt
005 20191227110045.0
008 190216s9999||||xx |||||||||||||| ||und||
020 _a0706905857
040 _coclc
082 _a330.09
_bBHA/H
100 _aBhatia, H L
_9563
245 0 _aHistory Of Economic Thought /
_c H L Bhatia
250 _a1st ed.
260 _bVikas Publications,
_c1978.
_aDelhi:
300 _a506 p
650 _aEconomics
942 _cBK
_2ddc
_h330.09
_iBHA/H
_k330.09
_mBHA/H